Państwa bez spółgłosek - Statystyki

Ogólne statystyki
  • Ten quiz został rozwiązany 9 razy
  • Średni wynik to 6 z 15
Statystyki odpowiedzi
Hint Odpowiedź % Poprawnych
Auaia Australia
88%
Aiu i aua Antigua i Barbuda
63%
Ei Egipt/Benin
63%
Ya ięeo oaa i iąęa Wyspa Świętego Tomasza i Książęca
63%
A Czad
50%
Oa Polska/Oman/Rosja
50%
Uua Urugwaj
50%
Iiiy Filipiny
38%
Ii Fidżi
25%
Auu Nauru
25%
Oaa Botswana
13%
Iea óioa Gwinea Równikowa
13%
Aau Palau
13%
Yia Syria
13%
Uaa Gujana
0%
Nie znaleziono quizów pasujących do podanych kryteriów
Rozkład punktacji
Procent ludzi z każdym wynikiem
Percentyl według liczby udzielonych odpowiedzi
Twoja historia wyników
Nie rozwiązałeś tego quizu